[Event "Cappelle Online Blitz op"]
[Site "Europe Echecs INT"]
[Date "2022.01.09"]
[Round "8"]
[White "Maisuradze, Nino"]
[Black "Vine, Guillaume"]
[Result "1-0"]
[WhiteElo "2202"]
[BlackElo "1814"]
[PlyCount "83"]
[EventDate "2022.01.09"]
[EventType "swiss (blitz)"]
[EventRounds "11"]
[EventCountry "FRA"]
[SourceTitle "EXT 2023"]
[Source "ChessBase"]
[SourceDate "2022.10.05"]
[SourceVersion "1"]
[SourceVersionDate "2022.10.05"]
[SourceQuality "1"]

1. d4 Nf6 2. Nf3 d5 3. Bf4 e6 4. c3 c5 5. e3 Qb6 6. Qb3 c4 7. Qc2 Ne4 8. Nfd2 Nc6 9. Nxe4 dxe4 10. Bxc4 Ne7 11. 0-0 Nd5 12. Bg3 h5 13. h3 g5 14. Be2 f5 15. Be5 Rh7 16. a3 Bd6 17. c4 Bxe5 18. dxe5 Nxe3 19. fxe3 Qxe3+ 20. Rf2 g4 21. Qc3 Qg5 22. Qg3 h4 23. Qf4 Qg6 24. hxg4 h3 25. Nc3 Rh4 26. Rd1 Bd7 27. g3 Rh7 28. gxf5 exf5 29. Nd5 0-0-0 30. Kh2 Be6 31. Nf6 Rg7 32. Rxd8+ Kxd8 33. c5 Kc8 34. b4 Kb8 35. b5 Kc8 36. c6 bxc6 37. bxc6 Qf7 38. Ba6+ Kb8 39. Rb2+ Ka8 40. Nd7 Bxd7 41. Bb7+ Kb8 42. e6# 1-0

[Event "Europe Echecs Blitz Sept op"]
[Site "Europe Echecs INT"]
[Date "2021.09.19"]
[Round "2"]
[White "Mammadova, Gulnar Marfat Qizi"]
[Black "Vine, Guillaume"]
[Result "1-0"]
[WhiteElo "2395"]
[BlackElo "1810"]
[PlyCount "49"]
[EventDate "2021.09.19"]
[EventType "swiss (blitz)"]
[EventRounds "11"]
[EventCountry "FRA"]
[SourceTitle "CBM 204 Extra"]
[Source "ChessBase"]
[SourceDate "2021.11.30"]
[SourceVersion "1"]
[SourceVersionDate "2021.11.30"]
[SourceQuality "1"]

1. e4 c6 2. d4 d5 3. f3 dxe4 4. fxe4 e5 5. Nf3 Bg4 6. Bc4 Nd7 7. 0-0 Ngf6 8. c3 Bd6 9. Bg5 0-0 10. Nbd2 Qc7 11. h3 Bh5 12. Bd3 Bg6 13. Qc2 Rac8 14. Nc4 c5 15. Bxf6 gxf6 16. d5 a6 17. Ne3 b5 18. c4 Nb6 19. b3 bxc4 20. bxc4 Rb8 21. Ng4 Qe7 22. Nh4 Nd7 23. Nh6+ Kg7 24. N4f5+ Bxf5 25. Nxf5+ 1-0

[Event "Tetraktys Concept Mgmt"]
[Site "Europe Echecs INT"]
[Date "2021.06.06"]
[Round "6"]
[White "Godel, Wenceslas"]
[Black "Vine, Guillaume"]
[Result "1-0"]
[WhiteElo "1978"]
[BlackElo "1810"]
[PlyCount "107"]
[EventDate "2021.06.06"]
[EventType "swiss (blitz)"]
[EventRounds "11"]
[EventCountry "FRA"]
[SourceTitle "CBM 202 Extra"]
[Source "ChessBase"]
[SourceDate "2021.07.31"]
[SourceVersion "1"]
[SourceVersionDate "2021.07.31"]
[SourceQuality "1"]

1. Nf3 Nf6 2. g3 g6 3. Bg2 c6 4. 0-0 Bg7 5. d4 0-0 6. Nbd2 d6 7. e4 Nbd7 8. b4 e5 9. Bb2 a5 10. a3 exd4 11. Bxd4 Re8 12. Re1 Ne5 13. Qc1 Bg4 14. Qb2 Bxf3 15. Nxf3 Nc4 16. Qc3 d5 17. exd5 Rxe1+ 18. Nxe1 cxd5 19. b5 Rc8 20. Qd3 Nd6 21. Rd1 Nf5 22. Ba1 d4 23. Bxd4 Nxd4 24. Qxd4 Qxd4 25. Rxd4 Nh5 26. Rd7 Bf8 27. Bxb7 Re8 28. Nd3 Bxa3 29. Bd5 Rf8 30. Ra7 Nf6 31. Bb3 Bb4 32. Ne5 Nd5 33. Bxd5 Kg7 34. Nxf7 Kf6 35. f4 h5 36. Ne5 Kf5 37. Rf7+ Rxf7 38. Bxf7 g5 39. Bg6+ Kf6 40. Bxh5 gxf4 41. gxf4 Kf5 42. Nd3 Bd2 43. Kf2 a4 44. Bf7 a3 45. b6 Ba5 46. b7 Bc7 47. Kf3 Kf6 48. Ba2 Ke7 49. Ke4 Kd6 50. h4 Kc6 51. h5 Kxb7 52. h6 Bd8 53. Kf5 Ba5 54. Ne5 1-0

[Event "Tetraktys Concept Mgmt"]
[Site "Europe Echecs INT"]
[Date "2021.06.06"]
[Round "4"]
[White "Heng, Jim"]
[Black "Vine, Guillaume"]
[Result "1-0"]
[WhiteElo "1921"]
[BlackElo "1810"]
[PlyCount "136"]
[EventDate "2021.06.06"]
[EventType "swiss (blitz)"]
[EventRounds "11"]
[EventCountry "FRA"]
[SourceTitle "CBM 202 Extra"]
[Source "ChessBase"]
[SourceDate "2021.07.31"]
[SourceVersion "1"]
[SourceVersionDate "2021.07.31"]
[SourceQuality "1"]

1. e4 c6 2. d4 d5 3. Nc3 dxe4 4. Nxe4 Nf6 5. Ng3 Nbd7 6. Nf3 e6 7. Bd3 Bd6 8. 0-0 0-0 9. Re1 Re8 10. c4 Nf8 11. Qc2 Qc7 12. Bg5 N6d7 13. Ne4 Bf4 14. c5 Bxg5 15. Nfxg5 h6 16. Nd6 Re7 17. Nf3 Nf6 18. Ne5 Nd5 19. a3 Nf4 20. Be4 Nd5 21. g3 b6 22. b4 bxc5 23. dxc5 a5 24. Rab1 Ba6 25. Qd2 axb4 26. axb4 Bb5 27. Rec1 Nd7 28. Nec4 Bxc4 29. Rxc4 N7f6 30. Bg2 Qa7 31. Rbc1 Qa2 32. Qxa2 Rxa2 33. b5 cxb5 34. Nxb5 Rb7 35. Nd4 Rbb2 36. R4c2 Rxc2 37. Nxc2 Rxc2 38. Rxc2 Nc7 39. c6 Nfd5 40. Bxd5 exd5 41. Re2 Kf8 42. Kf1 g6 43. Ke1 f5 44. Kd2 Kf7 45. Kd3 Ne6 46. Kc3 Ke7 47. Kb4 Kd6 48. Rc2 Nc7 49. Ka5 g5 50. Kb6 f4 51. Ra2 Ne6 52. Ra7 Nc5 53. c7 Nd7+ 54. Kb7 Nc5+ 55. Kb8 Nd7+ 56. Ka8 Nb6+ 57. Kb7 Kc5 58. c8Q+ Nxc8 59. Kxc8 Kd4 60. Rd7 Ke4 61. Kd8 fxg3 62. fxg3 d4 63. Ke7 h5 64. Kf6 h4 65. Kxg5 hxg3 66. hxg3 Ke3 67. Kf5 d3 68. g4 d2 1-0

[Event "C'Chartres Blitz op April"]
[Site "Europe Echecs INT"]
[Date "2021.04.10"]
[Round "10"]
[White "Vine, Guillaume"]
[Black "Poschadel, Andreas Gregor"]
[Result "1/2-1/2"]
[WhiteElo "1810"]
[BlackElo "2030"]
[PlyCount "210"]
[EventDate "2021.04.10"]
[EventType "swiss (blitz)"]
[EventRounds "11"]
[EventCountry "FRA"]
[SourceTitle "CBM 201 Extra"]
[Source "ChessBase"]
[SourceDate "2021.05.31"]
[SourceVersion "1"]
[SourceVersionDate "2021.05.31"]
[SourceQuality "1"]

1. Nf3 Nf6 2. e3 b6 3. b3 Bb7 4. Bb2 e6 5. Be2 Be7 6. 0-0 0-0 7. d4 c5 8. c4 Ne4 9. Nbd2 f5 10. Ne5 d6 11. Nd3 Bg5 12. Nf3 Bf6 13. Rb1 Nd7 14. dxc5 Bxb2 15. Rxb2 bxc5 16. Nf4 Qe7 17. Qc2 g5 18. Nd3 g4 19. Nd2 Ng5 20. Nf4 e5 21. Nd5 Bxd5 22. cxd5 Nb6 23. Nc4 Nxd5 24. Rd1 Nb4 25. Qc3 Ne4 26. Qc1 Rad8 27. a3 Nc6 28. Bd3 d5 29. Bxe4 fxe4 30. Nd2 Rc8 31. Rc2 Na5 32. b4 Nb7 33. bxc5 Rxc5 34. Nb3 Rxc2 35. Qxc2 Rd8 36. Qc6 Rd6 37. Qc8+ Nd8 38. Qxg4+ Kh8 39. Qf5 Nf7 40. Nc5 Rf6 41. Qc8+ Kg7 42. Rxd5 Rd6 43. Rxd6 Qxd6 44. Qg4+ Kh8 45. Nxe4 Qxa3 46. h3 Qb4 47. Qf5 Qe7 48. Nf6 Nd6 49. Qg5 Qe6 50. Qh6 Qf7 51. Qg5 Qe6 52. Qh6 Qf7 53. Ng4 Nc4 54. Qa6 Kg7 55. Qc8 h5 56. Nh2 Nd6 57. Qc1 Ne4 58. Nf3 Qe7 59. Qc2 Nd6 60. Qa4 Nf7 61. Qh4 Qxh4 62. Nxh4 Kf6 63. Nf3 a5 64. Nd2 a4 65. Nb1 Nd6 66. Kf1 Nc4 67. Nc3 a3 68. Na2 Ke6 69. Ke2 Kd5 70. Kd3 e4+ 71. Kc3 Ne5 72. Kb3 Nd3 73. f3 exf3 74. gxf3 Ne1 75. Nc3+ Ke5 76. f4+ Kf5 77. Kxa3 Nc2+ 78. Kb3 Nxe3 79. Ne2 Ng2 80. Kc3 Nxf4 81. Ng3+ Kg5 82. Nxh5 Nxh5 83. h4+ Kg4 84. Kd2 Nf4 85. Ke1 Kh5 86. Kf1 Ng6 87. Kg1 Ne7 88. Kh1 Nd5 89. Kg1 Nb6 90. Kh1 Nc8 91. Kg1 Na7 92. Kh1 Nb5 93. Kg1 Na3 94. Kh1 Nb1 95. Kg1 Nc3 96. Kh1 Ne2 97. Kh2 Nd4 98. Kg2 Nc6 99. Kh2 Nb4 100. Kh1 Na6 101. Kg1 Nc5 102. Kh2 Nd7 103. Kh1 Ne5 104. Kg1 Ng6 105. Kh2 Nxh4 1/2-1/2

[Event "Cappelle Online Blitz op"]
[Site "Europe Echecs INT"]
[Date "2021.03.07"]
[Round "4"]
[White "Gourarier, Emmanuel"]
[Black "Vine, Guillaume"]
[Result "0-1"]
[WhiteElo "1463"]
[BlackElo "1810"]
[PlyCount "68"]
[EventDate "2021.03.07"]
[EventType "swiss (blitz)"]
[EventRounds "11"]
[EventCountry "FRA"]
[SourceTitle "CBM 201 Extra"]
[Source "ChessBase"]
[SourceDate "2021.05.31"]
[SourceVersion "1"]
[SourceVersionDate "2021.05.31"]
[SourceQuality "1"]

1. e4 c6 2. Nf3 d5 3. e5 c5 4. d4 Nc6 5. c3 Bg4 6. Be2 e6 7. 0-0 Bxf3 8. Bxf3 Qb6 9. Be3 Qxb2 10. Nd2 Qxc3 11. Nb3 c4 12. Rc1 Qb2 13. Rc2 Qa3 14. Bc1 Qa6 15. Nc5 Bxc5 16. dxc5 Nge7 17. Bf4 Nf5 18. Rb2 0-0 19. Qe2 Nfd4 20. Qe3 Nxf3+ 21. Qxf3 Nd4 22. Qc3 Nf5 23. Rfb1 Rac8 24. Rxb7 Qxa2 25. Qb4 Nd4 26. Rb8 Ne2+ 27. Kf1 Rxb8 28. Qxb8 Nxf4 29. Qb7 Qe2+ 30. Kg1 Qg4 31. g3 Nh3+ 32. Kg2 Ng5 33. c6 Qh3+ 34. Kg1 Nf3+ 0-1

[Event "Cappelle Online Blitz op"]
[Site "Europe Echecs INT"]
[Date "2021.03.07"]
[Round "9"]
[White "Karavaeva, Olga"]
[Black "Vine, Guillaume"]
[Result "1-0"]
[WhiteElo "2260"]
[BlackElo "1810"]
[PlyCount "113"]
[EventDate "2021.03.07"]
[EventType "swiss (blitz)"]
[EventRounds "11"]
[EventCountry "FRA"]
[SourceTitle "CBM 201 Extra"]
[Source "ChessBase"]
[SourceDate "2021.05.31"]
[SourceVersion "1"]
[SourceVersionDate "2021.05.31"]
[SourceQuality "1"]

1. c4 e6 2. Nc3 Nf6 3. g3 d5 4. cxd5 exd5 5. Bg2 c6 6. Nf3 Bd6 7. 0-0 0-0 8. d3 Re8 9. Bg5 Nbd7 10. e4 dxe4 11. dxe4 Ne5 12. Nd4 Be7 13. f4 Ng6 14. e5 Nd5 15. Nxd5 cxd5 16. Bxe7 Nxe7 17. Qb3 Qa5 18. Rad1 Qc5 19. Kh1 Nc6 20. Nb5 Na5 21. Qxd5 Qxd5 22. Bxd5 Rf8 23. Nd6 Nc6 24. Bxc6 bxc6 25. Nxc8 Raxc8 26. Rd7 Rb8 27. b3 a5 28. Rc1 a4 29. bxa4 Ra8 30. Rc4 Rfc8 31. Kg2 h6 32. Kf3 Rcb8 33. Rd2 Rb6 34. h4 Rba6 35. Rdd4 c5 36. Rxc5 Rxa4 37. Rxa4 Rxa4 38. Rc8+ Kh7 39. Rc2 Ra3+ 40. Kg4 h5+ 41. Kh3 Kg6 42. Rc6+ Kf5 43. Rc7 Ke4 44. Rxf7 Kf3 45. Rxg7 Rxa2 46. Rb7 Ra1 47. Rb3+ Kf2 48. Kh2 Re1 49. Ra3 Re2 50. Kh3 Kg1 51. g4 Rh2+ 52. Kg3 Rg2+ 53. Kf3 Rxg4 54. e6 Rg8 55. f5 Rf8 56. Kf4 Rg8 57. e7 1-0

[Event "Cappelle Online Blitz op"]
[Site "Europe Echecs INT"]
[Date "2021.03.07"]
[Round "1"]
[White "Vine, Guillaume"]
[Black "Khanin, Semen"]
[Result "0-1"]
[WhiteElo "1810"]
[BlackElo "2506"]
[PlyCount "112"]
[EventDate "2021.03.07"]
[EventType "swiss (blitz)"]
[EventRounds "11"]
[EventCountry "FRA"]
[SourceTitle "CBM 201 Extra"]
[Source "ChessBase"]
[SourceDate "2021.05.31"]
[SourceVersion "1"]
[SourceVersionDate "2021.05.31"]
[SourceQuality "1"]

1. Nf3 Nf6 2. d4 g6 3. c4 Bg7 4. Nc3 d5 5. cxd5 Nxd5 6. e4 Nxc3 7. bxc3 c5 8. Bb5+ Bd7 9. Bxd7+ Qxd7 10. 0-0 0-0 11. Be3 cxd4 12. Bxd4 Rd8 13. Bxg7 Kxg7 14. Qxd7 Nxd7 15. Rfd1 Nc5 16. e5 Ne4 17. c4 Nc3 18. Re1 Rac8 19. Rac1 Rxc4 20. Rc2 b5 21. g3 b4 22. Nd2 Rcd4 23. Nb3 Rd1 24. Rxd1 Rxd1+ 25. Kg2 Rd5 26. a3 a5 27. axb4 axb4 28. f4 g5 29. Kf3 h5 30. Ke3 Kg6 31. Nd4 e6 32. fxg5 Rxe5+ 33. Kd3 Rd5 34. Kc4 Ne4 35. Nf3 b3 36. Rb2 Nxg5 37. Nxg5 Kxg5 38. Rxb3 Rd2 39. h3 Rh2 40. h4+ Kg4 41. Rb7 Rf2 42. Rb8 Kxg3 43. Rg8+ Kxh4 44. Kd3 e5 45. Ke3 Rf4 46. Re8 f6 47. Rg8 Rg4 48. Rf8 Kg5 49. Rg8+ Kf5 50. Rb8 Rg3+ 51. Kf2 Ra3 52. Rh8 Kg4 53. Rg8+ Kf4 54. Rh8 Ra2+ 55. Ke1 Ke3 56. Kd1 Rh2 0-1

[Event "Cappelle Online Blitz op"]
[Site "Europe Echecs INT"]
[Date "2021.03.07"]
[Round "3"]
[White "Vine, Guillaume"]
[Black "Trippold, Denise"]
[Result "0-1"]
[WhiteElo "1810"]
[BlackElo "2159"]
[PlyCount "74"]
[EventDate "2021.03.07"]
[EventType "swiss (blitz)"]
[EventRounds "11"]
[EventCountry "FRA"]
[SourceTitle "CBM 201 Extra"]
[Source "ChessBase"]
[SourceDate "2021.05.31"]
[SourceVersion "1"]
[SourceVersionDate "2021.05.31"]
[SourceQuality "1"]

1. Nf3 d5 2. d4 Nf6 3. Bf4 e6 4. e3 Bd6 5. Bg3 0-0 6. Bd3 c5 7. Nbd2 c4 8. Be2 b5 9. c3 Nc6 10. Ne5 Bb7 11. 0-0 a5 12. f4 b4 13. Rb1 Ne7 14. Bh4 Nf5 15. Bxf6 gxf6 16. Qe1 fxe5 17. fxe5 Be7 18. Bg4 Bc8 19. e4 Nh6 20. Bh5 Bb7 21. Qe3 Bg5 22. Qg3 Kh8 23. Nf3 Be3+ 24. Kh1 Rg8 25. Qe1 dxe4 26. Qxe3 exf3 27. Bxf3 Bxf3 28. Rxf3 Qg5 29. Qf2 Qg6 30. Rg1 Nf5 31. Rh3 Raf8 32. g4 Ne7 33. Qf3 Nd5 34. Rf1 Qxg4 35. Qf2 Qe4+ 36. Rf3 f6 37. Qh4 Qxh4 0-1

[Event "Cappelle Online Bullet op"]
[Site "Europe Echecs INT"]
[Date "2021.03.05"]
[Round "13"]
[White "Benmesbah, Natacha"]
[Black "Vine, Guillaume"]
[Result "0-1"]
[WhiteElo "2223"]
[BlackElo "1810"]
[PlyCount "84"]
[EventDate "2021.03.05"]
[EventType "swiss (blitz)"]
[EventRounds "15"]
[EventCountry "FRA"]
[SourceTitle "EXT 2022"]
[Source "ChessBase"]
[SourceDate "2021.10.06"]
[SourceVersion "1"]
[SourceVersionDate "2021.10.06"]
[SourceQuality "1"]

1. e4 c6 2. c4 d5 3. cxd5 cxd5 4. exd5 Nf6 5. Qa4+ Bd7 6. Qb3 Qc7 7. Nc3 e6 8. Bc4 Be7 9. Nf3 0-0 10. dxe6 fxe6 11. Bxe6+ Bxe6 12. Qxe6+ Kh8 13. Ng5 Bb4 14. 0-0 Nc6 15. d3 Rae8 16. Qh3 h6 17. Nd5 Qd6 18. Nxb4 Nxb4 19. Nf3 Nc2 20. Bxh6 gxh6 21. Qxh6+ Kg8 22. Qg6+ Kh8 23. Rac1 Nb4 24. Rc4 Re7 25. Rh4+ Nh7 26. Ng5 Qxg6 27. Nxh7 Rxh7 28. Rxb4 Rg8 29. g3 Qh6 30. h4 Qg6 31. Kg2 Rf7 32. h5 Qf5 33. Rh4 Qf3+ 34. Kg1 Rg4 35. Rxg4 Qxg4 36. Kg2 Qxh5 37. f3 Qf5 38. Kf2 Qxd3 39. Ke1 Re7+ 40. Kf2 Re2+ 41. Kg1 Qe3+ 42. Kh1 Qd2 0-1

[Event "Cappelle Online Bullet op"]
[Site "Europe Echecs INT"]
[Date "2021.03.05"]
[Round "15"]
[White "Buksa, Nataliya"]
[Black "Vine, Guillaume"]
[Result "1-0"]
[WhiteElo "2419"]
[BlackElo "1810"]
[PlyCount "65"]
[EventDate "2021.03.05"]
[EventType "swiss (blitz)"]
[EventRounds "15"]
[EventCountry "FRA"]
[SourceTitle "EXT 2022"]
[Source "ChessBase"]
[SourceDate "2021.10.06"]
[SourceVersion "1"]
[SourceVersionDate "2021.10.06"]
[SourceQuality "1"]

1. d4 c6 2. Nc3 d5 3. Bf4 Nf6 4. e3 Bg4 5. Nf3 e6 6. h3 Bh5 7. g4 Bg6 8. Ne5 Ne4 9. h4 Nxc3 10. bxc3 f6 11. Nxg6 hxg6 12. Bd3 f5 13. gxf5 gxf5 14. Qf3 Rxh4 15. Kd2 Rxh1 16. Rxh1 Qf6 17. Rg1 Nd7 18. Qh5+ Qf7 19. Qh4 Nf6 20. Be5 0-0-0 21. Qh2 Bd6 22. Bxd6 Rxd6 23. Qxd6 Ne4+ 24. Bxe4 fxe4 25. Qf4 Qe7 26. Rh1 b6 27. Rh8+ Kb7 28. Qb8+ Ka6 29. Qc8+ Kb5 30. Qf8 Qg5 31. Qb4+ Ka6 32. Rb8 Qe7 33. Qa4# 1-0

[Event "Cappelle Online Bullet op"]
[Site "Europe Echecs INT"]
[Date "2021.03.05"]
[Round "11"]
[White "Maugenest, Ghislain"]
[Black "Vine, Guillaume"]
[Result "1/2-1/2"]
[WhiteElo "2052"]
[BlackElo "1810"]
[PlyCount "89"]
[EventDate "2021.03.05"]
[EventType "swiss (blitz)"]
[EventRounds "15"]
[EventCountry "FRA"]
[SourceTitle "EXT 2022"]
[Source "ChessBase"]
[SourceDate "2021.10.06"]
[SourceVersion "1"]
[SourceVersionDate "2021.10.06"]
[SourceQuality "1"]

1. d4 c6 2. c4 d5 3. Nf3 Nf6 4. Qc2 Bg4 5. Nc3 e6 6. Bg5 Be7 7. e3 0-0 8. Be2 Nbd7 9. 0-0 Re8 10. h3 Bh5 11. Qb3 Nb6 12. c5 Nc4 13. Bxc4 dxc4 14. Qxc4 Bxf3 15. gxf3 h6 16. Bxf6 Bxf6 17. Kh1 Bh4 18. Ne4 f5 19. Nd6 Rf8 20. Qxe6+ Kh8 21. Rg1 Rf6 22. Nf7+ Kh7 23. Nxd8 Rxe6 24. Nxe6 Re8 25. Rxg7+ Kh8 26. Rg6 Bg5 27. Rg1 Kh7 28. Nxg5+ hxg5 29. R6xg5 Kh6 30. Rxf5 Re7 31. Rg4 Re6 32. e4 b6 33. b4 bxc5 34. bxc5 a5 35. Rfg5 a4 36. Rg8 Kh7 37. Ra8 a3 38. Rxa3 Rh6 39. Ra7+ Kh8 40. h4 Rh5 41. Kg2 Rh6 42. Kg3 Rh5 43. Rg5 Rh6 44. Kg4 Rxh4+ 45. Kxh4 1/2-1/2

[Event "Cappelle Online Blitz op 1st"]
[Site "Europe Echecs INT"]
[Date "2021.01.10"]
[Round "8"]
[White "Vine, Guillaume"]
[Black "Maisuradze, Nino"]
[Result "0-1"]
[WhiteElo "1810"]
[BlackElo "2251"]
[PlyCount "68"]
[EventDate "2021.01.10"]
[EventType "swiss (blitz)"]
[EventRounds "11"]
[EventCountry "FRA"]
[SourceTitle "CBM 200 Extra"]
[Source "ChessBase"]
[SourceDate "2021.03.31"]
[SourceVersion "1"]
[SourceVersionDate "2021.03.31"]
[SourceQuality "1"]

1. d4 Nf6 2. Nf3 c5 3. d5 e6 4. c4 exd5 5. cxd5 d6 6. Nc3 g6 7. e4 Bg7 8. Bd3 0-0 9. 0-0 Bg4 10. h3 Bxf3 11. Qxf3 Nbd7 12. Bf4 Nh5 13. Bxd6 Qb6 14. Bxf8 Rxf8 15. Rab1 Ne5 16. Qe2 Nf4 17. Qe3 Nfxd3 18. f4 Bh6 19. g4 Nd7 20. g5 Bg7 21. e5 c4 22. Qxb6 Nxb6 23. d6 Rd8 24. Ne4 Nd5 25. Nf6+ Bxf6 26. gxf6 N5xf4 27. Rf3 Ne2+ 28. Kh2 Nd4 29. b3 Nxf3+ 30. Kg3 Nfxe5 31. bxc4 b6 32. a4 Rxd6 33. a5 Rxf6 34. axb6 axb6 0-1